Fractures of the Mandible : (Record no. 36707)

MARC details
000 -LEADER
fixed length control field 00478nam a22001697a 4500
005 - DATE AND TIME OF LATEST TRANSACTION
control field 20241025111028.0
008 - FIXED-LENGTH DATA ELEMENTS--GENERAL INFORMATION
fixed length control field 241025b |||||||| |||| 00| 0 eng d
082 ## - DEWEY DECIMAL CLASSIFICATION NUMBER
Classification number 617.5
Item number KIL-F
100 ## - MAIN ENTRY--AUTHOR
Author Name Killey
245 ## - TITLE STATEMENT
Title Fractures of the Mandible :
Remainder of title a clinical approach /
Statement of responsibility, etc. by Killey
250 ## - EDITION STATEMENT
Edition statement 6th ed.
260 ## - PUBLICATION, DISTRIBUTION, ETC.
Place of Publication India :
Name of publisher, distributor, etc. CBD Publisher ;
Date of publication, distribution, etc. 2023.
300 ## - PHYSICAL DESCRIPTION
Pages 143 p. :
500 ## - GENERAL NOTE
General note For BDS Students.
650 ## - SUBJECT ADDED ENTRY--TOPICAL TERM
Subject / Department Oral and Maxillofacial Surgery / Dental
952 ## - LOCATION AND ITEM INFORMATION (KOHA)
-- 0
-- 0
952 ## - LOCATION AND ITEM INFORMATION (KOHA)
-- 0
-- 0
952 ## - LOCATION AND ITEM INFORMATION (KOHA)
-- 0
-- 0
952 ## - LOCATION AND ITEM INFORMATION (KOHA)
-- 0
-- 0
952 ## - LOCATION AND ITEM INFORMATION (KOHA)
-- 0
-- 0
Holdings
Lost status Damaged status Collection code Permanent Location Current Location Shelving Location Date acquired Full Call Number Accession No./Barcode Date last seen Copy number item type Koha item type
    Medical Superior Information Resource Center (SIRC) Superior University- Central Library Superior Information Resource Center (SIRC) Superior University- Central Library Dental 10/25/2024 617.5 KIL-F 2023 29583 10/25/2024 1 BOOK BOOK
    Medical Superior Information Resource Center (SIRC) Superior University- Central Library Superior Information Resource Center (SIRC) Superior University- Central Library Dental 10/25/2024 617.5 KIL-F 2023 29584 10/25/2024 2 BOOK BOOK
    Medical Superior Information Resource Center (SIRC) Superior University- Central Library Superior Information Resource Center (SIRC) Superior University- Central Library Dental 10/25/2024 617.5 KIL-F 2023 29585 10/25/2024 3 BOOK BOOK
    Medical Superior Information Resource Center (SIRC) Superior University- Central Library Superior Information Resource Center (SIRC) Superior University- Central Library Dental 10/25/2024 617.5 KIL-F 2023 29586 10/25/2024 4 BOOK BOOK
    Medical Superior Information Resource Center (SIRC) Superior University- Central Library Superior Information Resource Center (SIRC) Superior University- Central Library Dental 10/25/2024 617.5 KIL-F 2023 29587 10/25/2024 5 BOOK BOOK

Powered by Koha